|
|
|
|
| LEADER |
00000nam0a2200000 4500 |
| 001 |
363608 |
| 005 |
20231102011615.0 |
| 035 |
|
|
|a (RuTPU)RU\TPU\retro\20955
|
| 090 |
|
|
|a 363608
|
| 100 |
|
|
|a 20211005d1964 km y0rusy50 ca
|
| 101 |
1 |
|
|a eng
|c rus
|
| 102 |
|
|
|a RU
|
| 105 |
|
|
|a a z 001zy
|
| 200 |
1 |
|
|a Технология металлов
|f П. И. Полухин, Б. Г. Гринберг, С. Кантеник [и др.]
|g под ред. П. И. Полухина
|d Metal Process Engineering
|
| 210 |
|
|
|a Москва
|c Мир
|d 1964
|
| 215 |
|
|
|a 441 с.
|c ил.
|
| 300 |
|
|
|a На англ. яз.
|
| 320 |
|
|
|a Предм. указ.: с. 431-440
|
| 510 |
1 |
|
|a Metal Process Engineering
|z eng
|
| 606 |
1 |
|
|a Технология металлов
|2 stltpush
|3 (RuTPU)RU\TPU\subj\60152
|9 77641
|
| 610 |
1 |
|
|a металлы
|
| 610 |
1 |
|
|a сплавы
|
| 610 |
1 |
|
|a производство
|
| 610 |
1 |
|
|a свойства
|
| 610 |
1 |
|
|a термообработка
|
| 610 |
1 |
|
|a топливо
|
| 610 |
1 |
|
|a огнеупорные материалы
|
| 610 |
1 |
|
|a литье
|
| 610 |
1 |
|
|a механическая обработка
|
| 610 |
1 |
|
|a сталь
|
| 610 |
1 |
|
|a металлопрокат
|
| 610 |
1 |
|
|a волочение
|
| 610 |
1 |
|
|a экструзии
|
| 610 |
1 |
|
|a ковка
|
| 610 |
1 |
|
|a штамповка
|
| 610 |
1 |
|
|a сварка
|
| 610 |
1 |
|
|a резка
|
| 610 |
1 |
|
|a металлорежущие станки
|
| 610 |
1 |
|
|a прессование
|
| 610 |
1 |
|
|a термическая обработка
|
| 610 |
1 |
|
|a брак
|
| 610 |
1 |
|
|a резание
|
| 610 |
1 |
|
|a плавильные агрегаты
|
| 610 |
1 |
|
|a дуговая электросварка
|
| 610 |
1 |
|
|a дуговая электросварка
|
| 610 |
1 |
|
|a газовая сварка
|
| 610 |
1 |
|
|a термитная сварка
|
| 610 |
1 |
|
|a токарные станки
|
| 610 |
1 |
|
|a фрезерные станки
|
| 610 |
1 |
|
|a шлифовальные станки
|
| 610 |
1 |
|
|a строгальные станки
|
| 610 |
1 |
|
|a английский язык
|
| 675 |
|
|
|a 621.7/.9
|v 4
|
| 701 |
|
1 |
|a Полухин
|b П. И.
|g Петр Иванович
|
| 701 |
|
1 |
|a Гринберг
|b Б. Г.
|g Борис Григорьевич
|
| 701 |
|
1 |
|a Кантеник
|b С.
|
| 701 |
|
1 |
|a Жадан
|b В.
|
| 701 |
|
1 |
|a Васильев
|b Д.
|
| 702 |
|
1 |
|a Полухин
|b П. И.
|g Петр Иванович
|4 340
|
| 801 |
|
1 |
|a RU
|b 63413507
|c 20211005
|
| 942 |
|
|
|c BK
|